| 000 | 00644nam a2200229Ia 4500 | ||
|---|---|---|---|
| 003 | OSt | ||
| 005 | 20220926000213.0 | ||
| 006 | a|||||r|||| 00| 0 | ||
| 007 | ta | ||
| 008 | 220923b |||||||| |||| 00| 0 eng d | ||
| 037 | _cGeneral Book | ||
| 040 |
_aRTL _cRTL _beng |
||
| 041 |
_2eng _aeng |
||
| 082 | _aY.2794.N9, N5 | ||
| 100 |
_aLamin Henry _9302240 |
||
| 245 | 0 |
_aEconomy and society in Meghalaya _b Changing frontier |
|
| 260 |
_a New Delhi _bHar-Anand _c1995 |
||
| 300 |
_a144p _ccm. |
||
| 500 | _aBibliography: P 139-42 | ||
| 942 |
_hY.2794.N9, N5 _cGB _2CC |
||
| 999 |
_c598605 _d598605 |
||